Languages of Luxembourg - Statistics

General Stats
  • This quiz has been taken 106 times
  • The average score is 5 of 6
Answer Stats
Percent Language % Correct
12 French
99%
3 German
99%
55 Luxembourgish
91%
2 English
85%
2 Italian
74%
15 Portuguese
74%
No matching quizzes found
Score Distribution
Percent of People with Each Score
Percentile by Number Answered
Your Score History
You have not taken this quiz